Music Quiz

Random Music or Song Quiz

Beatles: Longest and Shortest Tracks Quiz Stats

 Plays Quiz not verified by Sporcle

Challenge
Share
Tweet
Embed
Score 0/20 Timer 04:00
0 Plays Today
Song Title % Correct
Revolution 9
89.7%
Hey Jude
86.4%
Her Majesty
86.4%
I Want You (She's So Heavy)
81.3%
A Day In The Life
67.8%
Mean Mr. Mustard
58.9%
Polythene Pam
58.4%
Maggie Mae
51.4%
Wild Honey Pie
50.9%
Dig It
48.6%
Song Title % Correct
Carry That Weight
45.8%
Golden Slumbers
43.9%
I Am The Walrus
41.1%
Within You Without You
39.3%
Helter Skelter
38.8%
It's All Too Much
36.4%
While My Guitar Gently Weeps
36%
Why Don't We Do It In The Road?
32.2%
You Know My Name (Look Up The Number)
23.8%
Sgt. Pepper's Lonely Hearts Club Band (reprise)
15.9%

You're not logged in!

Compare scores with friends on all Sporcle quizzes.
OR
Log In

You Might Also Like...

Show Comments

Extras

Top Quizzes Today


Score Distribution

Your Account Isn't Verified!

In order to create a playlist on Sporcle, you need to verify the email address you used during registration. Go to your Sporcle Settings to finish the process.

Report this User

Report this user for behavior that violates our Community Guidelines.

Details: